500 plus grandes entreprises françaises - Statistiques

Statistiques générales
  • Ce quiz a été pris 622 fois
  • Le résultat moyen est 32 sur 500
Statistiques - réponses
Réponse % Correct
CONFRATERNELLE D'EXPLOITATION ET DE REPARTITION PHARMACEUTIQUE R
79%
BALENCIAGA S A
75%
M H C S
65%
AUTOMOBILES PEUGEOT
63%
SOC DES ATELIERS LOUIS VUITTON
53%
T D F
50%
AUTOMOBILES CITROEN
49%
PARFUMS CHRISTIAN DIOR
33%
L'OREAL
31%
CARREFOUR SUPPLY CHAIN
28%
AIRBUS
27%
ALSTOM TRANSPORT SA
27%
BIOMERIEUX SA
27%
CONTANGO TRADING SA
27%
EUTELSAT S.A.
27%
FEDEX EXPRESS FR
27%
GROUPE CANAL+ SA
27%
LECUREUR SA
27%
PSA AUTOMOBILES SA
27%
SAIPEM SA
27%
SCC SA
27%
SOCIETE D'IMPORTATION LECLERC
27%
STMICROELECTRONICS SA
27%
SYNGENTA FRANCE SA
27%
TOUTON SA
27%
TRANSITYRE FRANCE SA
27%
ORANGE
26%
SOCIETE AIR FRANCE
25%
GE ENERGY PRODUCTS FRANCE SNC
24%
LEGRAND SNC
24%
PEUGEOT CITROEN MULHOUSE SNC
24%
PEUGEOT CITROEN POISSY SNC
24%
PEUGEOT CITROEN RENNES SNC
24%
PEUGEOT CITROEN SOCHAUX SNC
24%
WOREX SNC
24%
SOCIETE JAS HENNESSY & CO
21%
SOCIETE FRANCAISE DU RADIOTELEPHONE - SFR
20%
ENGIE
19%
FREE
18%
CHANEL
15%
DECATHLON
15%
BOUYGUES TELECOM
14%
COMPAGNIE GENERALE DES ETABLISSEMENTS MICHELIN
14%
ELECTRICITE DE FRANCE
14%
MANUF FRANC PNEUMATIQ MICHELIN
14%
AUTOROUTES DU SUD DE LA FRANCE
13%
BOUYGUES BATIMENT ILE DE FRANCE
13%
LES GRANDS CHAIS DE FRANCE
13%
SOCIETE COOPERATIVE D'APPROVISIONNEMENT DE L'ILE DE FRANCE
13%
TOTALENERGIES ELECTRICITE ET GAZ FRANCE
13%
TOTALENERGIES MARKETING FRANCE
13%
TOTAL RAFFINAGE FRANCE
13%
ACTION FRANCE
12%
ADECCO FRANCE
12%
ADIDAS FRANCE
12%
ALTICE FRANCE
12%
APERAM STAINLESS FRANCE
12%
ARCELORMITTAL CONSTRUCTION FRANCE
12%
ARCELORMITTAL DISTRIBUTION SOLUTIONS FRANCE
12%
ARCELORMITTAL FRANCE
12%
ARKEMA FRANCE
12%
BASELL POLYOLEFINES FRANCE
12%
BECTON DICKINSON FRANCE
12%
BMW FRANCE
12%
BNP PARIBAS ASSET MANAGEMENT FRANCE
12%
BP FRANCE
12%
BUNGE FRANCE
12%
CARGILL FRANCE
12%
CASTORAMA FRANCE
12%
CERTAS ENERGY FRANCE
12%
CGI FRANCE
12%
CIE IBM FRANCE
12%
CNH INDUSTRIAL FRANCE
12%
COCA-COLA EUROPACIFIC PARTNERS FRANCE
12%
COMPASS GROUP FRANCE
12%
CONFORAMA FRANCE
12%
CONTINENTAL FRANCE
12%
DANONE PRODUITS FRAIS FRANCE
12%
DECATHLON FRANCE
12%
DISTRIBUTION CASINO FRANCE
12%
ELECTRO DEPOT FRANCE
12%
ENI GAS & POWER FRANCE
12%
ESSITY FRANCE
12%
EXXONMOBIL CHEMICAL FRANCE
12%
FACEBOOK FRANCE
12%
FCA FRANCE
12%
GEFCO FRANCE
12%
GROUPE SEB FRANCE
12%
HENKEL FRANCE
12%
HUAWEI TECHNOLOGIES FRANCE
12%
HYUNDAI MOTOR FRANCE
12%
IDEMIA FRANCE
12%
INFINEUM FRANCE
12%
INTERSPORT FRANCE
12%
IVECO FRANCE
12%
KIA FRANCE
12%
LEGRAND FRANCE
12%
LEROY MERLIN FRANCE
12%
LILLY FRANCE
12%
LUBRIZOL FRANCE
12%
LYONDELL CHIMIE FRANCE
12%
LYONNAISE DES EAUX FRANCE
12%
MAISONS DU MONDE FRANCE
12%
MANPOWER FRANCE
12%
MAN TRUCK & BUS FRANCE
12%
MARS PF FRANCE
12%
MARS WRIGLEY CONFECTIONERY FRANCE
12%
MBDA FRANCE
12%
MCDONALD'S FRANCE
12%
MERCEDES-BENZ FRANCE
12%
METRO FRANCE
12%
MEUBLES IKEA FRANCE
12%
MICROSOFT FRANCE
12%
MSD FRANCE
12%
NESTLE FRANCE
12%
NESTLE PURINA PETCARE COMMERCIAL OPERATIONS FRANCE
12%
NESTLE PURINA PETCARE FRANCE
12%
NEXANS FRANCE
12%
NOKIA NETWORKS FRANCE
12%
NORAUTO FRANCE
12%
ORACLE FRANCE
12%
ORANGINA SCHWEPPES FRANCE
12%
PEPSICO FRANCE
12%
PERNOD RICARD FRANCE
12%
PROCTER & GAMBLE FRANCE
12%
REXEL FRANCE
12%
ROBERT BOSCH FRANCE
12%
SAMSUNG ELECTRONICS FRANCE
12%
SANOFI-AVENTIS FRANCE
12%
SAP FRANCE
12%
SCANIA FRANCE
12%
SCHENKER FRANCE
12%
SCHNEIDER ELECTRIC FRANCE
12%
SKF FRANCE
12%
SMURFIT KAPPA FRANCE
12%
TD SYNNEX FRANCE
12%
TECHNIP ENERGIES FRANCE
12%
TEREOS FRANCE
12%
TESLA FRANCE
12%
TOTAL PETROCHEMICALS FRANCE
12%
TOTAL SE
12%
TOYOTA FRANCE
12%
TOYOTA MOTOR MANUFACTURING FRANCE
12%
UNILEVER FRANCE
12%
VERALLIA FRANCE
12%
VOLKSWAGEN GROUP FRANCE
12%
YARA FRANCE
12%
ZARA FRANCE
12%
LA POSTE
10%
NAVAL GROUP
10%
YVES SAINT LAURENT
10%
BEL
9%
COMPAGNIE D'EXPLOITATION ET DE REPARTITION PHARMACEUTIQUES DE RO
9%
RELAIS FNAC
9%
RENAULT RETAIL GROUP
9%
SA EAUX MINERALES EVIAN
8%
SOPRA STERIA GROUP
8%
AUTOROUTE ESTEREL COTE AZUR PROVENCE ALP
7%
ENEDIS
7%
SEPHORA
7%
AEROPORTS DE PARIS
6%
AS 24
6%
AXA INVESTMENT MANAGERS PARIS
6%
CMA CGM
6%
ADISSEO FRANCE S.A.S.
5%
AGCO DISTRIBUTION S.A.S.
5%
AGCO S.A.S.
5%
AIRBUS DEFENCE AND SPACE SAS
5%
ALPIQ ENERGIE FRANCE SAS
5%
AMAZON FRANCE LOGISTIQUE SAS
5%
AMAZON FRANCE TRANSPORT SAS
5%
ARIANEGROUP SAS
5%
BASF FRANCE SAS
5%
BAYER HEALTHCARE SAS
5%
BAYER SAS
5%
BOULANGER
5%
BULL SAS
5%
CLAAS TRACTOR SAS
5%
DYNEFF S.A.S.
5%
EDF PRODUCTION ELECTRIQUE INSULAIRE SAS
5%
EG RETAIL (FRANCE) SAS
5%
ENI FRANCE SARL
5%
GROUPE LACTALIS
5%
HP FRANCE SAS
5%
JACOBS DOUWE EGBERTS FR SAS
5%
JOHN DEERE SAS
5%
JPMORGAN ASSET MANAGEMENT (EUROPE) SARL
5%
KUHN SAS
5%
KUWAIT PETROLEUM AVIATION FRANCE SAS
5%
LENOVO FRANCE SAS
5%
MARTIN-BROWER FRANCE SAS
5%
MONDELEZ FRANCE SAS
5%
NETFLIX SERVICES FRANCE S.A.S.
5%
NOVARTIS PHARMA SAS
5%
O-I FRANCE SAS
5%
PSA RETAIL FRANCE SAS
5%
RENAULT SAS
5%
ROYAL CANIN SAS
5%
RTE RESEAU DE TRANSPORT D ELECTRICITE
5%
SAGEMCOM BROADBAND SAS
5%
SANOFI-AVENTIS GROUPE
5%
SCHNEIDER ELECTRIC INDUSTRIES SAS
5%
SFR FIBRE SAS
5%
SIEMENS S.A.S
5%
SNF SAS
5%
STMICROELECTRONICS (CROLLES 2) SAS
5%
STMICROELECTRONICS ROUSSET SAS
5%
THALES AVS FRANCE SAS
5%
THALES DMS FRANCE SAS
5%
THALES LAS FRANCE SAS
5%
THALES SIX GTS FRANCE SAS
5%
TOTAL ENERGIE GAZ
5%
UBER EATS FRANCE SAS
5%
UNITED PARCEL SERVICE FRANCE SAS
5%
VERSALIS FRANCE S.A.S.
5%
BOLLORE ENERGY
4%
INGRAM MICRO
4%
SOCIETE D'EDITION DE CANAL PLUS
4%
APERAM STAINLESS EUROPE
3%
DASSAULT AVIATION
3%
DELL
3%
ESSO SOCIETE ANONYME FRANCAISE
3%
FMC AUTOMOBILES
3%
GAS NATURAL EUROPE
3%
ITM ALIMENTAIRE CENTRE EST
3%
ITM ALIMENTAIRE EST
3%
ITM ALIMENTAIRE NORD
3%
ITM ALIMENTAIRE SUD EST
3%
JTEKT EUROPE
3%
KIABI EUROPE
3%
KUBOTA EUROPE
3%
LA FRANCAISE DES JEUX
3%
NISSAN WEST EUROPE
3%
SAS EQUIPEMENT DE LA MAISON
3%
SOC COOP APPROVISIONNEMENT PARIS NORD
3%
SOCIETE COOPERATIVE D'APPROVISIONNEMENT PARIS-EST
3%
SOCIETE EUROPEENNE DE VEHICULES LEGERS DU NORD - SEVEL NORD
3%
TELEVISION FRANCAISE 1
3%
TOTALENERGIES PROXI NORD EST
3%
TOTALENERGIES PROXI SUD EST
3%
VEOLIA EAU - COMPAGNIE GENERALE DES EAUX
3%
BOUYGUES IMMOBILIER
2%
BUTAGAZ
2%
CANDIA
2%
CHARAL
2%
CHRONOPOST
2%
COLAS CENTRE OUEST
2%
CONGO MARITIME SERVICES COMPANY
2%
CORA
2%
DASSAULT SYSTEMES
2%
DISTRIBUTION FRANPRIX
2%
EIFFAGE TP
2%
ESSILOR INTERNATIONAL
2%
GIFI MAG
2%
GRDF
2%
GROUPE BIGARD
2%
ITM ALIMENTAIRE CENTRE OUEST
2%
ITM ALIMENTAIRE OUEST
2%
ITM ALIMENTAIRE SUD OUEST
2%
LECLERC APPROVIONNEMENT SUD
2%
MAGASINS GALERIES LAFAYETTE
2%
MANITOU BF
2%
NESTLE WATERS MARKETING & DISTRIBUTION
2%
RENAULT TRUCKS
2%
ROCHE
2%
SANOFI PASTEUR
2%
SNCF RESEAU
2%
SOC CENTRALE APPROVISION SUD OUEST
2%
SOCIETE DES PETROLES SHELL
2%
SONEPAR FRANCE DISTRIBUTION
2%
THEVENIN DUCROT DISTRIBUTION
2%
TOTALENERGIES PROXI NORD OUEST
2%
ACCENTURE
1%
ADEO SERVICES
1%
AIRBUS ATLANTIC
1%
AIRBUS HELICOPTERS
1%
AIRBUS OPERATIONS
1%
AIR LIQUIDE FRANCE INDUSTRIE
1%
ALCATEL SUBMARINE NETWORKS
1%
ALOES RED
1%
ALTRAN TECHNOLOGIES
1%
ALUMINIUM DUNKERQUE SERVICE
1%
AMUNDI ASSET MANAGEMENT
1%
ANTARGAZ
1%
APRR
1%
ARCELORMITTAL ATLANTIQUE ET LORRAINE
1%
ARCELORMITTAL CENTRES DE SERVICES
1%
ARCELORMITTAL MEDITERRANEE
1%
AREVA MINES
1%
ARIANESPACE
1%
ARVAL SERVICE LEASE
1%
AUCHAN CARBURANT
1%
AUCHAN ENERGIES
1%
AUCHAN HYPERMARCHE
1%
AUCHAN RETAIL AGRO
1%
AUCHAN SUPERMARCHE
1%
AXIMA CONCEPT
1%
BEAUTE PRESTIGE INTERNATIONAL
1%
BIOCOOP
1%
BIOGARAN
1%
BOLLORE LOGISTICS
1%
BOUYGUES ENERGIES & SERVICES
1%
BOUYGUES TRAVAUX PUBLICS
1%
BRAKE FRANCE SERVICE
1%
BRICO DEPOT
1%
BRISTOL MYERS SQUIBB
1%
BUT INTERNATIONAL
1%
CAPGEMINI TECHNOLOGY SERVICES
1%
CARFUEL
1%
CARREFOUR HYPERMARCHES
1%
CARREFOUR IMPORT
1%
CARREFOUR STATIONS SERVICE
1%
CDISCOUNT
1%
CFM INTERNATIONAL
1%
CHANEL COORDINATION
1%
CHANTIERS DE L'ATLANTIQUE
1%
CHAUSSON MATERIAUX
1%
CHRISTIAN DIOR COUTURE
1%
CLS REMY COINTREAU
1%
COFIROUTE
1%
COMPAGNIE NATIONALE DU RHONE
1%
CONSTELLIUM NEUF BRISACH
1%
COOP ATLANTIQUE
1%
COOPERATIVE D'APPROVISIONNEMENT NORMANDE
1%
CREDIT AGRICOLE TECHNOLOGIES ET SERVICES
1%
CRISTAL UNION
1%
CRIT
1%
CSF
1%
CTRE SEMENCE UNION COOPERATIVE AGRICOLE
1%
DALKIA
1%
DIAC LOCATION
1%
DISTRIBUTION SANITAIRE CHAUFFAGE
1%
DISTRIDYN
1%
ENGIE ENERGIE SERVICES
1%
ENTREMONT ALLIANCE
1%
ERAMET
1%
ERAMET MARKETING SERVICES
1%
ES ENERGIES STRASBOURG
1%
ESSO RAFFINAGE
1%
ETABLISSEMENTS DARTY ET FILS
1%
EURIAL LAIT
1%
FERRERO FRANCE COMMERCIALE
1%
FNAC DARTY PARTICIPATIONS ET SERVICES
1%
FNAC DIRECT
1%
FRAMATOME
1%
FRANCAISE DE MECANIQUE
1%
FRANCE TELEVISIONS
1%
FREE MOBILE
1%
GALERIES LAFAYETTE HAUSSMANN - GL HAUSSMANN
1%
GAZELENERGIE SOLUTIONS
1%
GE MEDICAL SYSTEMS
1%
GFI INFORMATIQUE
1%
GRENKE LOCATION
1%
GROUPE SEB EXPORT
1%
GRTGAZ
1%
GUY DAUPHIN ENVIRONNEMENT
1%
HEINEKEN ENTREPRISE
1%
HERMES SELLIER
1%
INVIVO TRADING
1%
IPSEN PHARMA
1%
ITM ALIMENTAIRE INTERNATIONAL
1%
ITM ALIMENTAIRE REGION PARISIENNE
1%
ITM LOGISTIQUE ALIMENTAIRE INTERNATIONAL
1%
KEM ONE
1%
KPMG
1%
KRONENBOURG
1%
KUEHNE+NAGEL
1%
LACTALIS FROMAGES
1%
LACTALIS INGREDIENTS
1%
LAFARGE BETONS
1%
LA HALLE
1%
LDC SABLE
1%
LES LABORATOIRES SERVIER
1%
LOUIS VUITTON MALLETIER
1%
LOXAM
1%
MILLIPORE
1%
MITSUBISHI TURBOCHARGER AND ENGINE EUROPE B.V.
1%
MONOPRIX EXPLOIT PAR ABREVIATION MPX
1%
MSD VACCINS
1%
NETWORK RELATED SERVICES
1%
NEXTER SYSTEMS
1%
NHINDUSTRIES
1%
ORGANISATION INTRA-GROUPE DES ACHATS
1%
ORPEA
1%
PEUGEOT CITROEN PIECES DE RECHANGE
1%
PFIZER
1%
PHOENIX PHARMA
1%
PICARD SURGELES
1%
PICOTY
1%
PIERRE FABRE DERMO-COSMETIQUE
1%
PIERRE FABRE MEDICAMENT
1%
RHODIA OPERATIONS
1%
RIVA ACIER
1%
ROQUETTE FRERES
1%
SA DE LA RAFFINERIE DES ANTILLES
1%
SAFRAN ELECTRONICS & DEFENSE
1%
SAFRAN LANDING SYSTEMS
1%
SANEF
1%
SANOFI-AVENTIS RECHERCHE ET DEVELOPPEMENT
1%
SANOFI CHIMIE
1%
SANOFI WINTHROP INDUSTRIE
1%
SAUR
1%
SCAMARK
1%
SCAPALSACE
1%
SHV GAS SUPPLY & RISK MANAGEMENT
1%
SIDEL BLOWING & SERVICES
1%
SNCF GARES & CONNEXIONS
1%
SNCF MOBILITES
1%
SNCF VOYAGEURS
1%
SNETOR OVERSEAS
1%
SOCAMAINE
1%
SOC FRANCAISE DE COMMERCE EUROPEEN
1%
SOCIETE COOPERATIVE AGRICOLE ET AGRO-ALIMENTAIRE AGRIAL
1%
SOCIETE COOPERATIVE D'APPROVISIONNEMENT DE L'OUEST
1%
SOCIETE COOPERATIVE D'APPROVISIONNEMENT RHONE ALPES
1%
SOCIETE MECANIQUE AUTOMOBILE DE L'EST
1%
SOCIETE VALMY DEFENSE 17 - SDV 17
1%
SOCIETE VALMY DEFENSE 38 EN ABREGE SVD 38
1%
SOCIETE VEHICULES AUTOMOBILES BATILLY
1%
SOCIETE VITREENNE D'ABATTAGE
1%
SOCOPA VIANDES
1%
SODIAAL UNION
1%
SOLVAY ENERGY SERVICES
1%
SONY EUROPE B.V.
1%
SOUFFLET AGRICULTURE
1%
SUCRES ET DENREES
1%
SUPERMARCHES MATCH
1%
TF1 PUBLICITE
1%
TOTALENERGIES EP ANGOLA
1%
TOTALENERGIES LUBRIFIANTS
1%
TOTALENERGIES MARKETING AFRIQUE
1%
TOTAL MARKETING SERVICES
1%
TRANSGOURMET OPERATIONS
1%
UBISOFT ENTERTAINMENT
1%
U-LOGISTIQUE
1%
UNION INVIVO
1%
URBAINE DES PETROLES
1%
VALEO EQUIPEMENTS ELECTRIQUES MOTEUR
1%
VENTE PRIVEE.COM
1%
VIATRIS SANTE
1%
VINCI CONSTRUCTION GRANDS PROJETS
1%
VIVESCIA
1%
ALLIANCE HEALTHCARE REPARTITION
0%
ALVEA
0%
ARROW ECS
0%
ATOS INTEGRATION
0%
AUTODISTRIBUTION
0%
AXIONE
0%
BERGERAT MONNOYEUR
0%
BONDUELLE EUROPE LONG LIFE
0%
CDC HABITAT SOCIAL SOCIETE ANONYME D'HABITATIONS A LOYER MODERE
0%
CENTRALE D'APPROVISIONNEMENT DES LANDES
0%
CIRCET
0%
CITEO
0%
COOP AGRICOL VENDEE APPROV VENTE CEREALE
0%
CREDIT AGRICOLE-GROUP INFRASTRUCTURE PLATFORM
0%
CRISTALCO
0%
ELIVIA
0%
EURO-INFORMATION EUROPEENNE DE TRAITEMENT DE L'INFORMATION
0%
FAURECIA SIEGES D'AUTOMOBILE
0%
GROUPE MOBALI-BANDA
0%
HACHETTE LIVRE
0%
H&M HENNES & MAURITZ
0%
IMMOBILIERE 3F
0%
INTERFORUM
0%
JANSSEN CILAG
0%
KERMENE
0%
KUEHNE NAGEL ROAD
0%
LA PLATEFORME
0%
MAISON JOHANES BOUBEE
0%
OCP REPARTITION
0%
ORANO CHIMIE-ENRICHISSEMENT
0%
ORANO RECYCLAGE
0%
POLYTECHNYL
0%
POMONA
0%
PROSOL
0%
RANDSTAD
0%
SAFRAN AIRCRAFT ENGINES
0%
SAFRAN HELICOPTER ENGINES
0%
SAFRAN NACELLES
0%
SAIPOL
0%
SCA FRUITS LEGUMES FLEURS
0%
SCA PETROLE ET DERIVES
0%
SICA SAS AXEREAL
0%
SOC CENTRALE APPROVISIONNEMENT ARMORIQUE
0%
SOC COOPERATIVE SOCAMIL
0%
SOCIETE BRETONNE DE VOLAILLE
0%
SOCIETE COOPERATIVE D'APPROVISIONNEMENT DE LA REGION DE L'ARTOIS
0%
SOUFFLET NEGOCE
0%
SOVEN
0%
SPIE CITYNETWORKS
0%
SPIE INDUSTRIE & TERTIAIRE
0%
START PEOPLE
0%
STEDIS
0%
SYNERGIE
0%
SYSTEME U CENTRALE NATIONALE
0%
TEMSYS
0%
TERRENA
0%
TOTALENERGIES EP KAZAKHSTAN
0%
UBISOFT EMEA
0%
Aucun quiz correspondant
Distribution des résultats
% des personnes avec chaque résultat
Percentile par nombre de réponses
Votre historique - résultats
Vous n’avez pas pris ce quiz